000 01051 a2200217 4500
001 46687
005 20260407155737.0
008 260407a1969 arg spa d
003 AR-UNSa-BCEJYS
040 _aAR-UNSa-BCEJYS
_bspa
_cAR-UNSa-BCEJYS
080 _a512
_xAlgebra
245 1 0 _aTeoría y Problemas de Algebra Moderna
264 1 _aPanamá :
_bLibros McGraw-Hill
_c1969
300 _a242 p.
_c27 cm.
505 _a1. Conjuntos – 2. Relaciones y operaciones – 3. Los números naturales – 4. Los enteros – 5. Algunas propiedades de los enteros – 6. Los números racionales – 7. Los números reales – 8. Los números complejos – 9. Grupos – 10. Anillos – 11. Dominio de integridad, cuerpos – 12. Polinomios – 13. Espacios vectoriales – 14. Matrices – 15. Polinomios de matrices – 16. Algebras lineales – 17. Algebras boolianas –
942 _cBK
590 _aniveau_biblio:m niveau_hierar:0
100 1 _aCastaño Ceballos, Jesús Maria
700 1 _aAyres, Frank, Jr.
700 1 _aRobledo Moncada, Emilio
999 _c4232
_d4232